Mitarbeiterbeteiligung als Unternehmensmodell Dissertation
Na minha lista:
| Autor principal: | |
|---|---|
| Autor Corporativo: | |
| Outros Autores: | |
| Formato: | Livro |
| Idioma: | alemão |
| Publicado em: |
Bratislava
Ekonomická univerzita
1993
|
| Edição: | 1. Aufl. |
| Assuntos: | |
| Tags: |
Sem tags, seja o primeiro a adicionar uma tag!
|
MARC
| LEADER | 00000nam a2200000 4500 | ||
|---|---|---|---|
| 001 | c014207 | ||
| 005 | 20250509100020.4 | ||
| 041 | 0 | |a ger | |
| 044 | |a SK | ||
| 245 | 1 | 0 | |a Mitarbeiterbeteiligung als Unternehmensmodell |b Dissertation |c Marion Heil ; Škol. Karol Zalai |
| 250 | |a 1. Aufl. | ||
| 264 | 1 | |a Bratislava |b Ekonomická univerzita |c 1993 | |
| 300 | |a 175 s. | ||
| 610 | 2 | 0 | |a podnik |
| 610 | 2 | 0 | |a spolupracovníci |
| 610 | 2 | 0 | |a účasť na riadení |
| 610 | 2 | 0 | |a účasť na zisku |
| 610 | 2 | 0 | |a výkony pracovné |
| 610 | 2 | 0 | |a kapitál |
| 610 | 2 | 0 | |a spoločenstvo tiché |
| 610 | 2 | 0 | |a spoločnosti komanditné |
| 610 | 2 | 0 | |a spoločnosti s r.o. |
| 610 | 2 | 0 | |a družstvá |
| 610 | 2 | 0 | |a modely |
| 610 | 2 | 0 | |a Slovensko |
| 100 | 1 | |a Heil, Marion | |
| 700 | 1 | |a Zalai, Karol | |
| 710 | 2 | |a Ekonomická univerzita v Bratislave. Fakulta podnikového manažmentu | |